000 00457nam a2200181Ia 4500
005 20240605015656.0
008 240331s9999 xx 000 0 und d
082 _bFOO
_a340
245 0 _aFood, famine and the legal order
250 _a1 st
260 _aColombo
_bLake House Investments Ltd
_c1982
300 _av, 207 p .,
650 _aLegal
650 _aLaw
700 _aMarasinghe, M. Lakshman
_eedt
700 _aMenezes, Julio
_eedt
942 _cL
999 _c2803
_d2803